| 000 | 00654nam a22002177a 4500 | ||
|---|---|---|---|
| 003 | SEM | ||
| 005 | 20260625163455.0 | ||
| 008 | 260625s1990 ai ||||gr||||||01|||arm|d | ||
| 020 | _a5550007169 | ||
| 040 |
_aSEM _cSEM |
||
| 041 | _aarm | ||
| 080 | _a891.981-3/Մ-15 | ||
| 100 | _aՄաթևոսյան, Հրանտ | ||
| 245 |
_aՎիպակներ / _cՀ. Մաթևոսյան ; Խմբ.՝ Ռ. Մուրադյան |
||
| 260 |
_aԵրևան : _b«Նաիրի», _c1990. |
||
| 300 |
_a733 էջ ; _c20 սմ |
||
| 650 |
_aՀայ գրականություն _xարձակ |
||
| 653 | _aՍԷՄ | ||
| 700 |
_aՄուրադյան, Ռ. _eխմբ. _4edt. |
||
| 942 |
_2udc _cBK _n0 |
||
| 999 |
_c77331 _d77331 |
||